Kraje Graniczące z Brazylią - Statystyki

Ogólne statystyki
  • Ten quiz został rozwiązany 44 razy
  • Średni wynik to 9 z 10
Statystyki odpowiedzi
Państwo % Poprawnych
Argentyna
100%
Peru
97%
Kolumbia
94%
Surinam
94%
Boliwia
91%
Gujana
91%
Francja / Gujana Francuska
85%
Paragwaj
85%
Urugwaj
85%
Wenezuela
85%
Nie znaleziono quizów pasujących do podanych kryteriów
Rozkład punktacji
Procent ludzi z każdym wynikiem
Percentyl według liczby udzielonych odpowiedzi
Twoja historia wyników
Nie rozwiązałeś tego quizu